| 000 | 00320nam a22001217a 4500 | ||
|---|---|---|---|
| 020 | _a9787508540030 | ||
| 040 | _cNUST CL | ||
| 082 |
_a629.40951 _bJIA |
||
| 245 |
_aSpace mission / _c Jianqi Zhang |
||
| 260 |
_aBeijing Shi : _bChina Intercontinental Press, _c2019. |
||
| 300 | _a 511 pages ; 23 cm. | ||
| 942 |
_2ddc _cBK |
||
| 999 |
_c586527 _d586527 |
||